<?xml version="1.0" encoding="UTF-8"?>
<collection xmlns="http://www.loc.gov/MARC21/slim">
<record>
  <controlfield tag="001">166351</controlfield>
  <controlfield tag="005">20260121131118.0</controlfield>
  <datafield tag="037" ind1=" " ind2=" ">
    <subfield code="a">TAZ-TFG-2025-4716</subfield>
  </datafield>
  <datafield tag="041" ind1=" " ind2=" ">
    <subfield code="a">spa</subfield>
  </datafield>
  <datafield tag="100" ind1="1" ind2=" ">
    <subfield code="a">Hernández García,María</subfield>
  </datafield>
  <datafield tag="242" ind1="0" ind2="0">
    <subfield code="a">Design and facilities of an agri-food company for the postharvest handling and storage of Conference pears in the Lower Rioja</subfield>
  </datafield>
  <datafield tag="245" ind1="0" ind2="0">
    <subfield code="a">Diseño e instalaciones de una empresa agroalimentaria para el manejo y la conservación post-cosecha de peras de la variedad Conferencia en la zona de La Rioja Baja</subfield>
  </datafield>
  <datafield tag="260" ind1=" " ind2=" ">
    <subfield code="a">Zaragoza</subfield>
    <subfield code="b">Universidad de Zaragoza</subfield>
    <subfield code="c">2025</subfield>
  </datafield>
  <datafield tag="506" ind1=" " ind2=" ">
    <subfield code="a">by-nc-sa</subfield>
    <subfield code="b">Creative Commons</subfield>
    <subfield code="c">3.0</subfield>
    <subfield code="u">http://creativecommons.org/licenses/by-nc-sa/3.0/</subfield>
  </datafield>
  <datafield tag="520" ind1=" " ind2=" ">
    <subfield code="a">Este Trabajo Fin de Grado desarrolla el diseño y la ampliación de una empresa agroalimentaria situada en el polígono industrial “Cabezuelo”, en Alfaro (La Rioja), dedicada al manejo post-cosecha y conservación de peras de la variedad Conferencia. El proyecto analiza las características fisiológicas, tecnológicas y comerciales de esta fruta, así como los requisitos necesarios para su almacenamiento en refrigeración y atmósfera controlada.&lt;br />Se estudian los parámetros de calidad, la fisiología post-cosecha y las principales alteraciones patológicas y fisiológicas que pueden afectar al fruto, estableciendo las condiciones óptimas de conservación. Asimismo, se describe el proceso productivo de la empresa y se elaboran los balances de materia y energía para dimensionar correctamente las nuevas cámaras frigoríficas y seleccionar los equipos de refrigeración.La ampliación industrial incluye el rediseño de la distribución en planta, el cálculo de necesidades de espacio, la maquinaria requerida y los parámetros técnicos de funcionamiento. Finalmente, se realiza un estudio de viabilidad económica que evalúa la inversión, los costes, los ingresos y la rentabilidad del proyecto, concluyendo que la ampliación mejora la eficiencia operativa y la capacidad de almacenamiento de la empresa.&lt;br /></subfield>
  </datafield>
  <datafield tag="521" ind1=" " ind2=" ">
    <subfield code="a">Graduado en Ingeniería Agroalimentaria y del Medio Rural</subfield>
  </datafield>
  <datafield tag="540" ind1=" " ind2=" ">
    <subfield code="a">Derechos regulados por licencia Creative Commons</subfield>
  </datafield>
  <datafield tag="653" ind1="1" ind2=" ">
    <subfield code="a">pera conferencia</subfield>
  </datafield>
  <datafield tag="653" ind1="1" ind2=" ">
    <subfield code="a">post-cosecha</subfield>
  </datafield>
  <datafield tag="653" ind1="1" ind2=" ">
    <subfield code="a">atmósfera controlada</subfield>
  </datafield>
  <datafield tag="653" ind1="1" ind2=" ">
    <subfield code="a">refrigeración industrial</subfield>
  </datafield>
  <datafield tag="653" ind1="1" ind2=" ">
    <subfield code="a">industria agroalimentaria</subfield>
  </datafield>
  <datafield tag="856" ind1="0" ind2=" ">
    <subfield code="f">652944@unizar.es</subfield>
  </datafield>
  <datafield tag="856" ind1="4" ind2=" ">
    <subfield code="s">5832566</subfield>
    <subfield code="u">http://zaguan.unizar.es/record/166351/files/TAZ-TFG-2025-4716.pdf</subfield>
    <subfield code="y">Memoria (spa)</subfield>
  </datafield>
  <datafield tag="909" ind1="C" ind2="O">
    <subfield code="o">oai:zaguan.unizar.es:166351</subfield>
    <subfield code="p">driver</subfield>
    <subfield code="p">trabajos-fin-grado</subfield>
  </datafield>
  <datafield tag="950" ind1=" " ind2=" ">
    <subfield code="a"></subfield>
  </datafield>
  <datafield tag="691" ind1=" " ind2=" ">
    <subfield code="a">2 8</subfield>
  </datafield>
  <datafield tag="692" ind1=" " ind2=" ">
    <subfield code="a">Sostenible (ODS) establecidos en la Agenda 2030 de la ONU: Objetivo 2: Hambre cero Meta 2.4: Asegurar la sostenibilidad de los sistemas de producción alimentaria mediante prácticas que aumenten la productividad, mejoren la eficiencia y contribuyan a la protección de los ecosistemas. Objetivo 8: Trabajo decente y crecimiento económico Meta 8.2: Fomentar niveles más altos de productividad económica a través de la innovación tecnológica y la mejora de procesos. Meta 8.3: Promover el emprendimiento, la creatividad y la innovación, así como el crecimiento de microempresas, pequeñas y medianas empresas. El desarrollo del presente proyecto contribuye a estos objetivos al mejorar la infraestructura agroindustrial, optimizar el uso de los recursos y reforzar la competitividad de la empresa dentro del sector hortofrutícola.</subfield>
  </datafield>
  <datafield tag="700" ind1=" " ind2=" ">
    <subfield code="a">Venturini Crespo,María Eugenia</subfield>
    <subfield code="e">dir.</subfield>
  </datafield>
  <datafield tag="700" ind1=" " ind2=" ">
    <subfield code="a">Lobera González,María Pilar</subfield>
    <subfield code="e">dir.</subfield>
  </datafield>
  <datafield tag="710" ind1="2" ind2=" ">
    <subfield code="a">Universidad de Zaragoza</subfield>
    <subfield code="b"> </subfield>
    <subfield code="c"></subfield>
  </datafield>
  <datafield tag="980" ind1=" " ind2=" ">
    <subfield code="a">TAZ</subfield>
    <subfield code="b">TFG</subfield>
    <subfield code="c">EPSHUES</subfield>
  </datafield>
  <datafield tag="999" ind1=" " ind2=" ">
    <subfield code="a">20251123165509.CREATION_DATE</subfield>
  </datafield>
  <datafield tag="951" ind1=" " ind2=" ">
    <subfield code="a">deposita:2026-01-21</subfield>
  </datafield>
</record>
</collection>